Coping with drought: Options for soil and water management in semi-arid kenya

Contents: Introduction; analysis of agricultural drought in Liuni; tillage methods and soil and water convervation in Eastern Africa; watershed convervation in semi-arid Kenya.

Guardat en:
Dades bibliogràfiques
Autor principal: Biamah, Elijah
Format: Llibre
Idioma:Undetermined
Publicat: Wageningen 2005
Matèries:
Etiquetes: Afegir etiqueta
Sense etiquetes, Sigues el primer a etiquetar aquest registre!
Thư viện lưu trữ: Trung tâm Học liệu Trường Đại học Cần Thơ
LEADER 00702nam a2200181Ia 4500
001 CTU_138569
008 210402s9999 xx 000 0 und d
082 |a 631.4 
082 |b B576 
100 |a Biamah, Elijah 
245 0 |a Coping with drought: Options for soil and water management in semi-arid kenya 
245 0 |c Elijah K. Biamah 
260 |a Wageningen 
260 |c 2005 
520 |a Contents: Introduction; analysis of agricultural drought in Liuni; tillage methods and soil and water convervation in Eastern Africa; watershed convervation in semi-arid Kenya. 
650 |a Soil science,Khoa học đất 
904 |i Tuyến 
980 |a Trung tâm Học liệu Trường Đại học Cần Thơ